| 000 | 006030000a22001690004500 | ||
|---|---|---|---|
| 090 |
_aAR _b01940 |
||
| 245 | 1 | 0 | _aAlternate Orthopteran hosts (<Anurogryllus sp.>) of Euphasiopteryx depleta (<Diptera: Tachinidae>) |
| 650 | 1 | 4 |
_aParasitismo _993203 |
| 650 | 1 | 4 |
_aDípteros _914945 |
| 650 | 1 | 4 |
_aColecciones biológicas _94146 |
| 653 |
_fTachinidae _gEuphasiopteryx _eEuphasiopteryx depleta |
||
| 041 | 0 | _aInglés | |
| 700 | 1 |
_aMesa, A. _995400 |
|
| 100 | 1 |
_aFowler, Harold G. _994673 |
|
| 942 | _cARTICULO | ||
| 773 | 1 |
_tFlorida Entomologist: International Journal for the Americas _3648 _h3 _q408-409 _d1987 _g70 |
|
| 999 |
_c11017 _d11017 |
||